| 000 | 00538nam a2200205Ia 4500 | ||
|---|---|---|---|
| 008 | 191119s9999 xx 000 0 und d | ||
| 020 | _a978-621-406-195-2 | ||
| 050 | _aFIL QA 76.73 | ||
| 050 | _b.C153P66 2019 | ||
| 100 | _aPomerada, Jake R. | ||
| 245 | 0 | _aBeginner's guide to C++ programming / | |
| 245 | 0 | _cJake R. Pomerada. | |
| 260 | _aPhilippines : | ||
| 260 | _bMindshapers, | ||
| 260 | _c2019 | ||
| 300 | _a252 pages : | ||
| 300 | _billustrations ; | ||
| 300 | _c26 cm. | ||
| 650 | _aC++ (Computer program language). | ||
| 999 |
_c363116 _d363116 |
||